000
00205 a2200097 4500
001
22664
100
_a
Cotton, H
245
_a
applied Electricity
260
_a
_b
Cleaver-Hum
_c
1962
090
_c
15314
_d
15314
942
_a
NUST-CAE
_c
M
_c
5908
999
_c
257737
_d
257737